[Event "Pula op"]
[Site "Pula"]
[Date "1997.??.??"]
[Round "1"]
[White "Delchev, Aleksander"]
[Black "Mirnic, Mirko"]
[Result "1-0"]
[WhiteElo "2515"]
[BlackElo "2115"]

1.Nf3 d5 2.c4 c6 3.e3 Nf6 4.Nc3 e6 5.d4 Nbd7 6.Qc2 Bd6 7.Bd3 O-O 8.O-O e5
9.cxd5 cxd5 10.e4 exd4 11.Nxd5 Nxd5 12.exd5 Nf6 13.Nxd4 Bb8 14.Bf5 Bxf5 15.Nxf5 Nxd5
16.Rd1 Qc7 17.Qxc7 Nxc7 18.Rd7 b6 19.Bd2 Ne6 20.Bc3 Bf4 21.g3 Bg5 22.h4 Bf6
23.Nh6+ gxh6 24.Bxf6 Rfc8 25.Rad1 Nf8 26.R7d4 Rc6 27.Rg4+ Ng6 28.Bc3 Rc5
29.Rd7 h5 30.Re4 Nf8 31.Rb7 Ne6 32.Ra4 Rc7 33.Rxb6 Nc5 34.Ra5 Ne4 35.Rb3 Nxc3
36.Rxc3 Rxc3 37.bxc3 Rc8 38.Rxa7 Rxc3 39.Ra5 Rc2 40.Rg5+ Kh8 41.a4 Ra2 42.a5 h6
43.Rxh5 Kg7 44.Rf5 Kg6 45.g4 Ra4 46.h5+ Kg7 47.f3 Ra2 48.Kf1  1-0

[Event "EU-chT (Men)"]
[Site "Pula"]
[Date "1997.??.??"]
[Round "2"]
[White "Sturua, Zurab"]
[Black "Gabriel, Christian"]
[Result "1/2-1/2"]
[WhiteElo "2560"]
[BlackElo "2570"]

1.d4 d5 2.c4 c6 3.Nf3 Nf6 4.Nc3 e6 5.e3 Nbd7 6.Qc2 Bd6 7.Bd3 O-O 8.O-O h6
9.h3 b6 10.b3 Bb7 11.Bb2 Rc8 12.Rad1 Qe7 13.Rfe1 c5 14.cxd5 cxd4 15.Nxd4 Nxd5
16.Nxd5 Bxd5 17.Qe2 Nc5 18.Bb1 Rfd8 19.Qg4 Qg5 20.Qxg5  1/2-1/2

[Event "EU-chT (Men)"]
[Site "Pula"]
[Date "1997.??.??"]
[Round "2"]
[White "Minasian, Artashes"]
[Black "Pinter, Jozsef"]
[Result "1-0"]
[WhiteElo "2550"]
[BlackElo "2575"]

1.d4 Nf6 2.c4 e6 3.Nf3 d5 4.Nc3 c6 5.e3 Nbd7 6.Qc2 Bd6 7.Be2 O-O 8.O-O Qe7
9.Rd1 Re8 10.a3 h6 11.h3 b6 12.b4 dxc4 13.e4 e5 14.b5 c5 15.d5 Nh5 16.g3 Ndf6
17.Kh2 g5 18.Nd2 Ng7 19.Nxc4 Qd7 20.g4 Nh7 21.a4 Qc7 22.a5 Rb8 23.axb6 axb6
24.Rd3 Nf8 25.Rf3 Ng6 26.Rf6 Rd8 27.h4 Ne8 28.hxg5 hxg5 29.Rxg6+ fxg6 30.Bxg5 Rd7
31.Kg2 Rh7 32.Rf1 Qg7 33.Qd3 Rb7 34.Qg3 Bb8 35.Ra1 Nd6 36.Ra8 Nf7 37.Be3 g5
38.Na4 Rh6 39.Bd2 Kh7 40.Ne3 Nd6 41.Bc3 Nf7 42.Nc4 Qf8 43.Nab2 Bd7 44.Nxe5 Nxe5
45.Bxe5 Bxe5 46.Rxf8 Bxg3 47.Kxg3 Ra7 48.e5 Ra3+ 49.Kg2 Rah3 50.Nc4 Kg7 51.Rd8 Bf5
52.gxf5 Rh2+ 53.Kg3 R6h3+ 54.Kg4  1-0

[Event "EU-chT (Men)"]
[Site "Pula"]
[Date "1997.??.??"]
[Round "2"]
[White "Garcia Ilundain, David"]
[Black "Antunes, Antonio"]
[Result "1/2-1/2"]
[WhiteElo "2500"]
[BlackElo "2510"]

1.d4 d5 2.Nf3 Nf6 3.c4 c6 4.Nc3 e6 5.e3 Nbd7 6.Qc2 Bd6 7.Bd3 O-O 8.O-O h6
9.h3 e5 10.cxd5 cxd5 11.e4 dxe4 12.Nxe4 Nxe4 13.Bxe4 exd4 14.Nxd4 Nf6 15.Bf3 Qa5
16.Qe2 Bd7 17.Rd1 Rae8 18.Qf1 Ne4  1/2-1/2

[Event "EU-chT (Men)"]
[Site "Pula"]
[Date "1997.??.??"]
[Round "2"]
[White "Akopian, Vladimir"]
[Black "Chernin, Alexander"]
[Result "1/2-1/2"]
[WhiteElo "2655"]
[BlackElo "2635"]

1.d4 d5 2.c4 c6 3.Nc3 Nf6 4.e3 e6 5.Nf3 Nbd7 6.Qc2 Bd6 7.Be2 O-O 8.O-O dxc4
9.Bxc4 Qe7 10.a3 e5 11.h3 Bb8 12.Ba2 h6 13.Nh4 Rd8 14.Nf5 Qe8 15.Bd2 Nf8
16.Rfd1 exd4 17.Nxd4 N8h7 18.Nf5 Bc7 19.e4 Be6 20.Bxe6 Qxe6 21.f4 h5 22.e5 Nd5
23.Nxd5 Rxd5 24.Bb4 Rxd1+ 25.Rxd1 Rd8 26.Rxd8+ Bxd8 27.Kh1 Qd5 28.Bc5 a6
29.b4 Nf8 30.Ne3 Qd7 31.Bd6 Ne6 32.Qc4 Nc7 33.Qd3 Ne8 34.Nf5 g6 35.Ng3 f5
36.exf6 Qxd6 37.Qxg6+ Kf8 38.Qh6+ Kg8 39.Ne4 Qd7 40.Qg6+ Kf8  1/2-1/2

[Event "EU-chT (Men)"]
[Site "Pula"]
[Date "1997.??.??"]
[Round "2"]
[White "Damaso, Rui"]
[Black "San Segundo, Pablo"]
[Result "0-1"]
[WhiteElo "2465"]
[BlackElo "2505"]

1.d4 d5 2.c4 c6 3.Nf3 Nf6 4.Nc3 e6 5.e3 Nbd7 6.Qc2 Bd6 7.Be2 O-O 8.O-O Qe7
9.Rd1 dxc4 10.Bxc4 e5 11.h3 e4 12.Ng5 Nb6 13.Bb3 Bf5 14.f3 Nbd5 15.Ncxe4 Nxe4
16.Nxe4 Rae8 17.Rf1 Kh8 18.Qf2 Bxe4 19.fxe4 Qxe4 20.Bc2 Bg3 21.Qd2 Qxe3+
22.Qxe3 Nxe3 23.Bxe3 Rxe3 24.Rf3 Rxf3 25.gxf3 g6 26.Rd1 Re8 27.Bd3 Kg7 28.Kf1 Re7
29.Bc4 f5 30.a4 a6 31.Rd2 Kf6 32.Re2 Rd7 33.Rd2 Bf4 34.Rd3 Kg5 35.Be6 Re7
36.Bc8 Rc7 37.Be6 Kh4 38.d5 cxd5 39.Bxd5 Rc1+ 40.Ke2 Rc2+ 41.Kf1 Rxb2 42.Rb3 Rd2
43.Bxb7 a5 44.Rb5 Kg3 45.Bc6 Rh2 46.Rd5 Rd2  0-1

[Event "EU-chT (Women)"]
[Site "Pula"]
[Date "1997.??.??"]
[Round "3"]
[White "Nicoara Etchegaray, Malina"]
[Black "Makropoulou, Marina"]
[Result "0-1"]
[WhiteElo "2180"]
[BlackElo "2295"]

1.d4 d5 2.c4 c6 3.Nf3 Nf6 4.Nc3 e6 5.e3 Nbd7 6.Bd3 dxc4 7.Bxc4 b5 8.Be2 b4
9.Na4 Be7 10.O-O O-O 11.Qc2 Bb7 12.Rd1 Qa5 13.a3 c5 14.Nxc5 Nxc5 15.dxc5 Bxc5
16.Bd2 Qb6 17.axb4 Bxb4 18.Bxb4 Qxb4 19.Rd4 Qb6 20.Qd2 Bd5 21.Rb4 Qc5 22.Rb5 Qe7
23.h3 Ne4 24.Qd4 Rfd8 25.Qb4 Qf6 26.Qd4 Qe7 27.Qb4 Qc7 28.Nd4 h6 29.Bf3 Rab8
30.Qa4 a6 31.Rxb8 Rxb8 32.Nxe6 Qe5 33.Bxe4 Bxe4 34.Nd4 Rxb2 35.Qxa6 Bb7 36.Qa7 Kh7
37.Qa5 Rb1+ 38.Rxb1 Qxa5 39.Rxb7 Qe1+ 40.Kh2 Qxf2 41.Re7 Qf6 42.Re4 g6 43.Kg1 Qb6
44.Rf4 Kg7 45.Rf3 Qb2 46.Kh2 Qb1 47.Kg3 f5 48.Kf2 Qb2+ 49.Kg1 Qc1+ 50.Kf2 Qd2+
51.Kg1 Qe1+ 52.Kh2 Qb1 53.g4 Qa2+ 54.Kg3 fxg4 55.hxg4 Qd5 56.Ne2 Qd1 57.Nd4 Qg1+
58.Kh3 Qh1+ 59.Kg3 Qe1+ 60.Kg2 Qd2+ 61.Kg3 Qa2 62.Kh3 Qc4 63.Kg3 Qd5 64.Kh3 h5
65.gxh5 Qxh5+ 66.Kg3 Qe5+ 67.Kh3 Kh6 68.Kg2 Qe4 69.Kf2 Qh4+ 70.Kg2 Qe1 71.Rg3 Qd2+
72.Kf3 Qd3 73.Kf4 Qf1+ 74.Nf3 Qc4+ 75.Nd4 Qf7+ 76.Kg4 Qd7+ 77.Kf3 Qf7+ 78.Kg4 Kg7
79.Rf3 Qd7+ 80.Kg3 Qc7+ 81.Kf2 Qb7 82.Kg3 Qa6 83.Rf4 Kh7 84.Rh4+ Kg7 85.Rf4 Qa2
86.Rf2 Qd5 87.Rf4 Qe5 88.Kf3 Kh6 89.Rh4+ Kg7 90.Rf4  0-1

[Event "EU-chT (Men)"]
[Site "Pula"]
[Date "1997.??.??"]
[Round "3"]
[White "Sokolov, Ivan"]
[Black "Arduman, Can"]
[Result "1-0"]
[WhiteElo "2615"]
[BlackElo "2405"]

1.d4 d5 2.c4 c6 3.Nc3 Nf6 4.Nf3 e6 5.e3 Nbd7 6.Qc2 Bd6 7.Bd3 O-O 8.O-O h6
9.Bd2 dxc4 10.Bxc4 e5 11.Bb3 Re8 12.h3 exd4 13.exd4 Nf8 14.Rad1 Be6 15.Ne5 Bxb3
16.Qxb3 Qc7 17.Rc1 Bxe5 18.dxe5 N6d7 19.f4 Qb6+ 20.Qxb6 axb6 21.a3 f6 22.exf6 Nxf6
23.Rfe1 b5 24.Rxe8 Rxe8 25.Kf2 N8d7 26.Be3 Ne4+ 27.Nxe4 Rxe4 28.Rd1 Nf6 29.Rd8+ Re8
30.Rxe8+ Nxe8 31.Bc5 Nf6 32.Kf3 Kf7 33.Bd4 Nd7 34.f5 g6 35.Ke4 gxf5+ 36.Kxf5 Nf8
37.Be3 Kg7 38.g4 Ng6 39.Ke6 Nh4 40.Kd6 Nf3 41.Kc7  1-0

[Event "Pula op"]
[Site "Pula"]
[Date "1997.??.??"]
[Round "3"]
[White "Gabriel, Christian"]
[Black "Zaja, Ivan"]
[Result "1/2-1/2"]
[WhiteElo "2570"]
[BlackElo "2440"]

1.c4 e6 2.Nf3 Nf6 3.Nc3 d5 4.d4 c6 5.e3 Nbd7 6.Qc2 Bd6 7.Bd2 O-O 8.h3 Re8
9.g4 Bb4 10.Bd3 dxc4 11.Bxc4 c5 12.g5 cxd4 13.Nxd4 Ne5 14.Bb5 Nfd7 15.f4 a6
16.Be2 Ng6 17.O-O-O e5 18.Nb3 exf4 19.exf4 Qc7 20.Bd3 Nb6 21.f5 Nf4 22.Be4 Nc4
23.Rhe1 Nxd2 24.Qxd2 g6 25.Nd4 Bd7 26.fxg6 hxg6 27.Nc2 Bxc3 28.Qxc3 Qxc3
29.bxc3 Be6 30.h4 Bxa2 31.Bxb7 Rxe1 32.Nxe1 Ra7 33.Bf3 Re7 34.Rd8+ Kg7 35.Kd2 f6
36.gxf6+ Kxf6 37.Rd4 g5 38.Ra4 Bb3 39.Rxa6+ Re6 40.Ra3 Rd6+ 41.Ke3 Re6+ 42.Kd2 Rd6+
43.Ke3 Re6+ 44.Kf2 Nh3+ 45.Kg3 Rxe1 46.Rxb3 Re3 47.Rb6+  1/2-1/2

[Event "Pula op"]
[Site "Pula"]
[Date "1997.??.??"]
[Round "4"]
[White "Kozul, Zdenko"]
[Black "Waitzkin, Joshua"]
[Result "1/2-1/2"]
[WhiteElo "2590"]
[BlackElo "2440"]

1.d4 d5 2.c4 c6 3.e3 Nf6 4.Nc3 e6 5.Nf3 Nbd7 6.Bd3 dxc4 7.Bxc4 b5 8.Bd3 a6
9.e4 c5 10.d5 Qc7 11.O-O Bb7 12.b3 Be7 13.Re1 O-O 14.Qc2 c4 15.bxc4 bxc4
16.Bf1 exd5 17.exd5 Nb6 18.Bb2 Nfxd5 19.Nxd5 Bxd5 20.Re3 Bc5 21.Ng5 f5 22.Re5 Qc6
23.Rd1 Rad8 24.Rde1 Rd6 25.Rxf5 Rg6 26.Rxf8+ Bxf8 27.Qf5 h6 28.Ne4 Qe6 29.Ng3 Qxe1
30.Qxg6 Qe6 31.Qc2 Qc6 32.Bd4 Bc5 33.Nf5 Be4 34.Bxc4+ Kh8 35.Bd3 Bxf5 36.Bxf5 Qe8
37.Be3 Bxe3 38.fxe3 Qxe3+ 39.Kf1 Qf4+ 40.Ke2 Qxh2 41.Qe4 Qh5+ 42.Ke3 Qf7
43.Be6 Qc7 44.Bb3 Qd7 45.Qd3 Qe7+ 46.Kd2 Qb4+ 47.Kd1 Qg4+ 48.Kc1 Nd7 49.Qxa6 Qf4+
50.Kb2 Qd4+ 51.Kb1 Qg1+ 52.Kb2 Qd4+ 53.Kc2 Qe4+ 54.Kd1 Qd4+ 55.Ke2 Qe4+ 56.Kf1 Qf4+
57.Ke1 Qb4+ 58.Kd1 Qd4+ 59.Kc2 Qe4+ 60.Kc3 Qe5+  1/2-1/2

[Event "EU-chT (Men)"]
[Site "Pula"]
[Date "1997.??.??"]
[Round "5"]
[White "Kempinski, Robert"]
[Black "San Segundo, Pablo"]
[Result "1-0"]
[WhiteElo "2515"]
[BlackElo "2505"]

1.d4 d5 2.Nf3 Nf6 3.c4 c6 4.Nc3 e6 5.e3 Nbd7 6.Qc2 Bd6 7.g4 Bb4 8.Bd2 Qe7
9.Bd3 Nxg4 10.Rg1 f5 11.cxd5 exd5 12.Bxf5 Ndf6 13.Bxc8 Rxc8 14.Qf5 O-O 15.Rxg4 Nd7
16.Nxd5 Rxf5 17.Nxe7+ Bxe7 18.Ke2 Rcf8 19.Rag1 g6 20.R4g3 Nf6 21.Rg5 Ne4
22.Rxf5 Rxf5 23.Be1 Rb5 24.Kd3 Nf6 25.b3 Nd5 26.Ne5 a5 27.f4 a4 28.bxa4 Rb1
29.f5 Rd1+ 30.Ke2 Nc3+ 31.Kf3 Bh4 32.Bf2 Rxg1 33.Bxg1 gxf5 34.a5 Bd8 35.Bf2 Bc7
36.Be1 Bxe5 37.dxe5 Nd5 38.e4 fxe4+ 39.Kxe4 Kf7 40.Kd4 Ke6 41.Bg3 Nb4 42.Kc5 Nd5
43.a3 Kd7 44.Bf2 Ke6 45.Bd4 Kd7 46.Bb2 Ne3 47.Bc3 Nd5 48.Bd4 Nc7 49.Kb6 Kc8
50.Bc5 h5 51.Bd6 Nb5 52.a6 bxa6 53.Kxc6 Nd4+ 54.Kb6 Kd7 55.Kxa6 Nf3 56.Kb6 Nxh2
57.a4 Nf3 58.a5 h4 59.a6 h3 60.a7 h2 61.a8=Q h1=Q 62.Qb7+ Ke6 63.Qe7+ Kd5
64.Qf7+ Ke4 65.e6 Qg1+ 66.Kb7 Ne5 67.Qh7+ Kd5 68.e7 Kxd6 69.e8=Q Qg2+ 70.Kb8 Nc6+
71.Kc8  1-0

[Event "EU-chT (Men)"]
[Site "Pula"]
[Date "1997.??.??"]
[Round "5"]
[White "Zvjaginsev, Vadim"]
[Black "Fridman, Daniel"]
[Result "1/2-1/2"]
[WhiteElo "2610"]
[BlackElo "2490"]

1.Nf3 d5 2.d4 Nf6 3.c4 c6 4.Nc3 e6 5.e3 Nbd7 6.Qc2 Bd6 7.Bd3 O-O 8.Bd2 Qe7
9.O-O dxc4 10.Bxc4 a6 11.a4 c5 12.dxc5 Bxc5 13.e4 Bd6 14.h3 b6 15.Rfe1 Ne5
16.Nxe5 Bxe5 17.Be3 Bb7 18.Bd3 Bc7 19.Rad1 Rfd8 20.Bf1  1/2-1/2

[Event "EU-chT (Men)"]
[Site "Pula"]
[Date "1997.??.??"]
[Round "6"]
[White "Grabliauskas, Virginijus"]
[Black "Fridman, Daniel"]
[Result "1/2-1/2"]
[WhiteElo "2435"]
[BlackElo "2490"]

1.d4 d5 2.c4 c6 3.Nc3 Nf6 4.e3 e6 5.Nf3 Nbd7 6.Qc2 Bd6 7.Bd3 O-O 8.O-O e5
9.cxd5 cxd5 10.e4 exd4 11.Nxd5 Nxd5 12.exd5 h6 13.Nxd4 Qh4 14.Nf3 Qh5 15.Bh7+ Kh8
16.Qf5 g5 17.h4 Nb6 18.Qf6+ Kxh7 19.Qxd6 Bg4 20.Nh2 Rad8 21.Qb4 Bf5 22.hxg5 Nxd5
23.Qxb7 hxg5 24.Qb3 Rh8 25.Qf3 g4 26.Qg3 Nf6 27.f3 Rd3 28.Nxg4 Bxg4 29.fxg4 Qc5+
30.Qf2 Qxf2+ 31.Rxf2 Nxg4 32.Rf3 Rd1+ 33.Rf1 Rd5 34.Bf4  1/2-1/2

[Event "EU-chT (Women)"]
[Site "Pula"]
[Date "1997.??.??"]
[Round "6"]
[White "Kadimova, Ilaha"]
[Black "Galliamova, Alisa"]
[Result "0-1"]
[WhiteElo "2420"]
[BlackElo "2440"]

1.d4 d5 2.c4 c6 3.Nc3 Nf6 4.e3 e6 5.Nf3 Nbd7 6.Bd3 dxc4 7.Bxc4 b5 8.Bd3 Bb7
9.a3 b4 10.Ne4 Nxe4 11.Bxe4 Nf6 12.Bd3 Be7 13.e4 bxa3 14.bxa3 c5 15.dxc5 O-O
16.Qe2 Nd7 17.c6 Bxc6 18.O-O Nc5 19.Bc2 Qc7 20.Bb2 Rab8 21.Be5 Bd6 22.Bxd6 Qxd6
23.e5 Bxf3 24.Qxf3 Qxe5 25.Rfe1 Qg5 26.h4 Qxh4 27.Re5 Qd4 28.Bxh7+ Kxh7 29.Rh5+ Kg6
30.Rd1 Rb3 31.Rxd4 Rxf3 32.Rxc5 Rxa3 33.Rd7 a6 34.Ra7 Ra1+ 35.Kh2 Ra2 36.Kg3 Rb8
37.Rcc7 Rb3+ 38.f3 Rbb2 39.Rxf7 Rxg2+ 40.Kf4 Kh6 41.Rfe7 Rg6 42.Ke4 Ra1 43.Kd3 Kh7
44.Ke4 a5 45.Ra6 a4 46.Rea7 Rf6 47.Rxa4 Re1+ 48.Kd3 Rxf3+ 49.Kd2 Rg1 50.Re7 Rg2+
51.Ke1 Rh3 52.Rf4 Rh1+ 53.Rf1 Rxf1+ 54.Kxf1 Rg6 55.Ke2 Kh6 56.Ra7 Kh5 57.Kf3 Kh4
58.Ra1 Rf6+ 59.Ke4 Rf2 60.Ke3 Kg3 61.Ra6 Rf4 62.Ke2 Rf6 63.Ra5 Kg4 64.Ra1 g5
65.Rg1+ Kh5 66.Rh1+ Kg6 67.Rg1 Rf4 68.Ke3 Kf5 69.Rh1 e5 70.Rh8 Rb4 71.Rf8+ Kg4
72.Re8 Rb1 73.Kf2 Rb5 74.Re7 Kf5 75.Rf7+ Kg6 76.Ra7 Rb3 77.Ra8 Kf5 78.Rf8+ Kg4
79.Re8 Rf3+ 80.Kg2 Rf5 81.Ra8 Kf4 82.Ra1 e4 83.Rf1+ Ke5 84.Ra1 Rf3 85.Ra8 Kf4
86.Rf8+ Ke3 87.Rg8 Rf5 88.Ra8 Rf2+ 89.Kg3 Rd2 90.Ra5 Rd1 91.Ra3+ Rd3 92.Ra5 Rd1
93.Ra3+ Ke2 94.Kg2 e3 95.Ra5 g4 96.Re5 Rd7 97.Ra5 Ke1 98.Ra1+ Rd1 99.Ra8 e2
100.Ra2 Rd7 101.Ra1+ Kd2 102.Ra2+ Ke3 103.Ra3+ Rd3  0-1

[Event "EU-chT (Men)"]
[Site "Pula"]
[Date "1997.??.??"]
[Round "7"]
[White "Arlandi, Ennio"]
[Black "Pcola, Pavel"]
[Result "1-0"]
[WhiteElo "2470"]
[BlackElo "2470"]

1.d4 d5 2.c4 c6 3.Nc3 Nf6 4.e3 e6 5.Nf3 Nbd7 6.Qc2 Bd6 7.Bd3 O-O 8.O-O dxc4
9.Bxc4 Qe7 10.h3 e5 11.a3 Bb8 12.Ba2 exd4 13.exd4 Nb6 14.Bg5 Qd6 15.Rae1 Nbd5
16.Re5 Nxc3 17.bxc3 Bc7 18.Rfe1 Bd7 19.Bxf6 Qxf6 20.Ng5 Qg6 21.Qxg6 hxg6
22.Nxf7 Kh7 23.Re7 Rae8 24.R1e4  1-0

[Event "EU-chT (Men)"]
[Site "Pula"]
[Date "1997.??.??"]
[Round "7"]
[White "Sergejev, Roman"]
[Black "Kacheishvili, Giorgi"]
[Result "1/2-1/2"]
[WhiteElo "2370"]
[BlackElo "2505"]

1.Nf3 d5 2.d4 Nf6 3.c4 e6 4.Nc3 c6 5.e3 Nbd7 6.Bd3 dxc4 7.Bxc4 b5 8.Be2 Bb7
9.O-O a6 10.e4 c5 11.d5 exd5 12.e5 Ne4 13.Nxd5 Nxe5 14.Nxe5 Qxd5 15.Qxd5 Bxd5
16.Rd1 Rd8 17.a4 c4 18.axb5 axb5 19.Ra5 Bc5 20.Be3 Bxe3 21.fxe3 O-O 22.Rxb5 Be6
23.Nc6  1/2-1/2

[Event "Pula op"]
[Site "Pula"]
[Date "1997.??.??"]
[Round "8"]
[White "Ehlvest, Jaan"]
[Black "Galliamova, Alisa"]
[Result "1-0"]
[WhiteElo "2635"]
[BlackElo "2440"]

1.d4 d5 2.c4 c6 3.Nf3 Nf6 4.Nc3 e6 5.e3 Nbd7 6.Qc2 Bd6 7.Bd3 O-O 8.O-O dxc4
9.Bxc4 Qe7 10.h3 c5 11.dxc5 Bxc5 12.e4 Bd6 13.Nb5 Ne5 14.Nxe5 Bxe5 15.f4 Qc5+
16.Kh2 Bd7 17.b4 Qb6 18.fxe5 Bxb5 19.exf6 Qc7+ 20.Rf4 Bxc4 21.fxg7 Rfd8 22.Be3 Rd3
23.Qf2 Rad8 24.a4 Rd1 25.Rxd1 Rxd1 26.Qh4 b6 27.e5 Bb3 28.a5 Rd7 29.axb6 axb6
30.Rg4 Qxe5+ 31.Rg3 Bc2 32.Qc4 Qc7 33.Qxc7 Rxc7 34.Bxb6 Rc4 35.Bc5 Be4 36.Bf8 Rc2
37.h4 f5 38.h5 h6 39.Bd6 Rd2 40.Bf4 Rb2 41.Be5 Re2 42.Rc3 Bb7 43.Bf6 Rxg2+
44.Kh3 Ra2 45.Rc7 Bg2+ 46.Kg3 f4+ 47.Kxf4 e5+ 48.Kg3  1-0

[Event "EU-chT (Men)"]
[Site "Pula"]
[Date "1997.??.??"]
[Round "9"]
[White "Manninen, Marko"]
[Black "Zaja, Ivan"]
[Result "1/2-1/2"]
[WhiteElo "2380"]
[BlackElo "2440"]

1.d4 e6 2.c4 d5 3.Nc3 c6 4.e3 Nf6 5.Nf3 Nbd7 6.Qc2 Bd6 7.Bd3 O-O 8.O-O h6
9.h3 Re8 10.Bd2 e5 11.cxd5 Nxd5 12.a3 Qe7 13.e4 N5f6 14.Be3 exd4 15.Bxd4 Nh5
16.Rae1 Ne5 17.Nxe5 Bxe5 18.Bxe5 Qxe5 19.Ne2 g5 20.Qc3 Qxc3 21.Nxc3 Be6 22.Re3 Nf4
23.Bc2 Bc4 24.Rd1 Rad8 25.Ree1 Kg7 26.f3 h5 27.b3 Be6 28.Kf2 h4 29.Ne2 Rxd1
30.Rxd1 Kf6 31.Nxf4 gxf4 32.Rd2 Ke5 33.Ke2 a5 34.Rd3 c5 35.Rd2 b5 36.a4 bxa4
37.bxa4 Rb8 38.Kd1 Rb4 39.Kc1 Rd4 40.Re2 Bd7 41.Kb2 Bxa4 42.Bxa4 Rxa4 43.Kc3 Kd6
44.Rd2+ Rd4 45.Rb2 Rb4 46.Rd2+ Kc6 47.Rd8 a4 48.Rc8+ Kd6 49.Ra8 Rb3+ 50.Kc4 Rb4+
51.Kc3 Kc7 52.Ra7+ Kb6 53.Ra8 Rb5 54.Rb8+ Kc6 55.Ra8 Rb3+ 56.Kc4 Rb4+ 57.Kc3 Kb7
58.Ra5 Kb6 59.Ra8 Rb3+ 60.Kc4 Re3 61.Rxa4 Re2 62.Ra8 Rxg2 63.Rh8 Rc2+ 64.Kd3 Rf2
65.Rxh4 Rxf3+ 66.Kc4 Rf1 67.Rh6+ Kc7 68.Kxc5 f3 69.Kd4  1/2-1/2

[Event "EU-chT (Women)"]
[Site "Pula"]
[Date "1997.??.??"]
[Round "9"]
[White "Matveeva, Svetlana"]
[Black "Makropoulou, Marina"]
[Result "1-0"]
[WhiteElo "2475"]
[BlackElo "2295"]

1.d4 d5 2.c4 c6 3.Nf3 Nf6 4.Nc3 e6 5.e3 Nbd7 6.Qc2 Bd6 7.b3 O-O 8.Bb2 Re8
9.O-O-O Qe7 10.Kb1 dxc4 11.Bxc4 a5 12.e4 b5 13.Be2 e5 14.d5 b4 15.dxc6 bxc3
16.cxd7 Bxd7 17.Bxc3 a4 18.Bc4 axb3 19.axb3 Bc6 20.Nd2 Qa7 21.f3 Bb4 22.Bb2 Rec8
23.Bxe5 Nd7 24.Bb2 Nb6 25.Bd4 Qa5 26.Qb2 Bxd2 27.Bxb6 Qxb6 28.Rxd2 Ra7 29.Rhd1 h6
30.Rd6 Qa5 31.Rg6  1-0

[Event "EU-chT (Men)"]
[Site "Pula"]
[Date "1997.??.??"]
[Round "9"]
[White "Fridman, Daniel"]
[Black "Timoshchenko, Gennadi A"]
[Result "1/2-1/2"]
[WhiteElo "2490"]
[BlackElo "2515"]

1.d4 d5 2.Nf3 c6 3.c4 Nf6 4.Nc3 e6 5.e3 Nbd7 6.Qc2 Bd6 7.Bd3 O-O 8.O-O dxc4
9.Bxc4 b5 10.Be2 Bb7 11.Rd1 Qc7 12.h3 Rfe8  1/2-1/2

[Event "Recklinghausen"]
[Site "Recklinghausen"]
[Date "1997.??.??"]
[Round "5"]
[White "Kishnev, Sergey"]
[Black "Halasz, Tamas"]
[Result "1/2-1/2"]
[WhiteElo "2500"]
[BlackElo "2385"]

1.d4 d5 2.c4 e6 3.Nc3 c6 4.e3 Nf6 5.Nf3 Nbd7 6.Qc2 Bd6 7.Bd3 O-O 8.O-O h6
9.e4 dxe4 10.Nxe4 Nxe4 11.Bxe4 c5 12.Rd1 Qe7 13.b3 cxd4 14.Nxd4 Nc5 15.Bf3 Bd7
16.Bb2 Rac8 17.Qd2 Be5 18.Re1 f6 19.Rad1 Rfd8 20.Qe3 Be8 21.Ba3 b6 22.Bg4 Bf7
23.b4 Rxd4 24.Rxd4  1/2-1/2

[Event "ISL-chT"]
[Site "Reykjavik"]
[Date "1997.??.??"]
[Round "?"]
[White "Fridbertsson, Aegir"]
[Black "Thorsteins, Karl"]
[Result "0-1"]
[WhiteElo "2200"]
[BlackElo "2495"]

1.d4 d5 2.c4 c6 3.Nc3 Nf6 4.Nf3 e6 5.e3 Nbd7 6.Bd3 dxc4 7.Bxc4 b5 8.Bd3 Bb7
9.e4 b4 10.Na4 c5 11.Nxc5 Bxc5 12.dxc5 Nxc5 13.Bb5+ Ke7 14.Qxd8+ Rhxd8 15.e5 Nd5
16.O-O h6 17.Bc4 a5 18.b3 Rac8 19.a3 Nb6 20.axb4 axb4 21.Be3 Nxc4 22.bxc4 Bxf3
23.gxf3 Nd3 24.Ra7+ Ke8 25.Bb6 Rd7 26.Rxd7 Kxd7 27.Rd1 Kc6 28.Bd4 Nc5 29.Rb1 Rd8
30.Be3 Rb8 31.Kf1 b3 32.Ke2 Na4 33.Bd4 b2 34.Kd2 Rb3 35.f4 Nb6 36.Kc2 Rf3
37.Rxb2 Nxc4 38.Rb3 Na3+ 39.Kb2 Nc4+ 40.Kc2 Rxb3 41.Kxb3 Nd2+ 42.Kc3 Nf3
43.Kd3 Kd5 44.Bb6 Nxh2 45.Ke3 Ng4+ 46.Ke2 h5 47.Bd8 Nh6 48.f3 Nf5 49.Kf2 Kc4
50.Ke2 h4 51.Bg5 h3 52.Kf2 Kd3 53.Bd8 h2 54.Kg2 Ke2 55.Kxh2 Kxf3 56.Bg5 Ne3
57.Kh3 Nd5 58.Kh4 Nxf4 59.Bd8 Ng6+ 60.Kg5 Nxe5 61.Be7 Ke4 62.Bf8 f6+ 63.Kh5 g6+
64.Kh6 Kf5 65.Bg7 Ng4+  0-1

[Event "Reykjavik-B blind"]
[Site "Reykjavik"]
[Date "1997.??.??"]
[Round "3"]
[White "Hjartarson, Johann"]
[Black "Thorfinnsson, Bragi"]
[Result "1-0"]
[WhiteElo "2605"]
[BlackElo "2215"]

1.Nf3 d5 2.d4 Nf6 3.c4 c6 4.Nc3 e6 5.e3 Bd6 6.Bd3 Nbd7 7.O-O O-O 8.e4 dxc4
9.Bxc4 b5 10.Bd3 e5 11.a3 exd4 12.Nxd4 Ne5 13.Be2 Bb7 14.h3 b4 15.Nf5 Bc7
16.axb4 Re8 17.Bg5 Ned7 18.f4 Bb6+ 19.Kh1 h6 20.Bh4 Qc7 21.e5 Nd5 22.Nxd5 cxd5
23.Rc1 Qb8 24.Bd3 d4 25.Qg4 g6 26.Nxh6+ Kf8 27.Qxd7  1-0

[Event "Reykjavik-B blind"]
[Site "Reykjavik"]
[Date "1997.??.??"]
[Round "5"]
[White "Thorfinnsson, Bragi"]
[Black "Thorhallsson, Throstur"]
[Result "0-1"]
[WhiteElo "2215"]
[BlackElo "2510"]

1.d4 d5 2.Nf3 c6 3.e3 Nf6 4.c4 e6 5.Nc3 Nbd7 6.Bd3 dxc4 7.Bxc4 b5 8.Bd3 a6
9.e4 c5 10.O-O cxd4 11.Nxd4 Bb7 12.a3 Qb6 13.Be3 Bc5 14.Bc2 e5 15.Nf5 Bxe3
16.Nxe3 O-O 17.Ncd5 Nxd5 18.exd5 g6 19.Bb3 Rad8 20.d6 Nc5 21.Ba2 Rxd6 22.Qg4 Rd4
23.Nf5 Rxg4 24.Nh6+ Kg7 25.Nxg4 Nd3 26.Nxe5 Nxe5 27.Rac1 Nc4 28.Bxc4 Qc6
29.Bxf7  0-1

[Event "ISL-chB"]
[Site "Reykjavik"]
[Date "1997.??.??"]
[Round "7"]
[White "Bjarnason, Saevar"]
[Black "Ulfarsson, Magnus Orn"]
[Result "1-0"]
[WhiteElo "2285"]
[BlackElo "2305"]

1.d4 d5 2.c4 c6 3.Nf3 Nf6 4.Nc3 e6 5.e3 Nbd7 6.Bd3 dxc4 7.Bxc4 b5 8.Be2 b4
9.Na4 Qa5 10.O-O Ba6 11.b3 c5 12.a3 Bxe2 13.Qxe2 cxd4 14.axb4 Bxb4 15.Nxd4 Rc8
16.Bb2 O-O 17.Rfd1 Nc5 18.Nxc5 Qxc5 19.Qa6 Qh5 20.Nc6 Nd5 21.e4 Bd6 22.exd5 Qxh2+
23.Kf1 Qh4 24.Ke2 Qh5+ 25.f3 exd5 26.Bd4 Rfe8+ 27.Kf1 Qh1+ 28.Bg1 Bc5 29.Nd4 Bxd4
30.Rxd4 Rc2 31.Rg4 h5 32.Rg5 Re6 33.Qd3 Ree2 34.Qxe2 Rxe2 35.Kxe2 Qh4 36.Rxd5 Qg3
37.Rxh5 Qxg2+  1-0

[Event "Nordic-ch VISA"]
[Site "Reykjavik"]
[Date "1997.??.??"]
[Round "8"]
[White "Akesson, Ralf"]
[Black "Tisdall, Jonathan D"]
[Result "1-0"]
[WhiteElo "2520"]
[BlackElo "2480"]

1.Nf3 Nf6 2.c4 c6 3.d4 d5 4.Nc3 e6 5.e3 Nbd7 6.Bd3 dxc4 7.Bxc4 b5 8.Bd3 a6
9.e4 c5 10.d5 c4 11.Bc2 Qc7 12.dxe6 fxe6 13.O-O Bd6 14.Nd4 Nb6 15.Kh1 Bd7
16.f4 e5 17.Nf3 Bg4 18.a4 exf4 19.axb5 a5 20.e5 Bxe5 21.Qe1 Bxf3 22.Bxf4 Nbd7
23.Rxf3 O-O 24.b6 Qxb6 25.Bxe5 Nxe5 26.Qxe5 Qxb2 27.Ra2 Qc1+ 28.Nd1 Rfe8
29.Qc3 Kh8 30.Rf1 Rad8 31.Kg1 Re2 32.Qxc4 Qd2 33.Nf2 Qe3 34.Bb3 Rxa2 35.Bxa2 h5
36.Qf7 Qg5 37.Qa7 Qe5 38.Bb1 Re8 39.Bd3 Rc8 40.Bg6  1-0

[Event "Olicio Gadia mem"]
[Site "Rio de Janeiro"]
[Date "1997.??.??"]
[Round "6"]
[White "Loureiro, Luiz"]
[Black "Teixeira, Ricardo da Silva"]
[Result "1/2-1/2"]
[WhiteElo "2340"]
[BlackElo "2320"]

1.d4 d5 2.c4 c6 3.Nc3 Nf6 4.Nf3 e6 5.e3 Nbd7 6.Qc2 Bd6 7.b3 O-O 8.Be2 Re8
9.O-O dxc4 10.bxc4 e5 11.Rd1 e4 12.Nd2 Qe7 13.Rb1 Nf8 14.c5 Bc7 15.Ba3 Ng6
16.Nf1 Rb8 17.d5 cxd5 18.Nxd5 Nxd5 19.Rxd5 f5 20.Bb5 Rf8 21.Rbd1 Ne5 22.Bb2 a6
23.Be2 Nc6 24.Bc4 Kh8 25.Qc3 Be6 26.Rd6 Bxc4 27.Rd7 Be5 28.Qxc4 Qg5 29.Qb3 Bxb2
30.Qxb2 Qf6 31.Qxf6  1/2-1/2

[Event "Olicio Gadia mem"]
[Site "Rio de Janeiro"]
[Date "1997.??.??"]
[Round "10"]
[White "Miranda, Marcio MC"]
[Black "Teixeira, Ricardo da Silva"]
[Result "0-1"]
[WhiteElo "2295"]
[BlackElo "2320"]

1.Nf3 d5 2.d4 c6 3.c4 Nf6 4.Nc3 e6 5.e3 Nbd7 6.Qc2 Bd6 7.Bd3 O-O 8.O-O Qe7
9.c5 Bc7 10.e4 dxe4 11.Nxe4 h6 12.Bd2 e5 13.Rfe1 exd4 14.Nd6 Qd8 15.Nf5 Nd5
16.Nxh6+ gxh6 17.Bxh6 Bf4 18.Bxf8 Nxf8 19.Bf5 Qf6 20.Bxc8 Rxc8 21.Qa4 Ne6
22.Qxa7 Rb8 23.Rad1 Bc7 24.Qa3 Kg7 25.Re4 Ndf4 26.g3 Nh3+ 27.Kg2 Qf5 28.Rh4 Rh8
29.Rxh8 Kxh8 30.Nxd4 Nxd4 31.Rxd4 Qxf2+ 32.Kxh3 Qxd4 33.Qa8+ Kg7 34.Qxb7 Qd7+
35.Kg2 Qd5+ 36.Kh3 Qh5+ 37.Kg2 Qe2+ 38.Kh3 Qe6+ 39.Kg2 Be5 40.Qb4 Qd5+ 41.Kh3 Qf3
42.Qc4 Bxb2 43.a4 Ba3 44.a5 Qf5+  0-1

[Event "Olicio Gadia mem"]
[Site "Rio de Janeiro"]
[Date "1997.??.??"]
[Round "10"]
[White "Lima, Darcy"]
[Black "Rios Filho, Hilton Carlos"]
[Result "0-1"]
[WhiteElo "2475"]
[BlackElo "2340"]

1.d4 Nf6 2.c4 e6 3.Nc3 d5 4.Nf3 c6 5.e3 Nbd7 6.Bd3 dxc4 7.Bxc4 b5 8.Bd3 Bb7
9.O-O a6 10.e4 c5 11.e5 cxd4 12.Nxb5 Ng4 13.Bg5 Qb6 14.Nbxd4 Bc5 15.Qa4 Bxf3
16.Nxf3 Nxf2 17.Bc2 Ra7 18.g3 h6 19.Bd2 Ne4+ 20.Kg2 Nxd2 21.Nxd2 O-O 22.Qe4 Qb7
23.Nf3 Qxe4 24.Bxe4 Rb8 25.b3 Ba3 26.Rad1 a5 27.Rf2 Rc8 28.Rfd2 Rcc7 29.Nd4 Bb4
30.Re2 Nxe5 31.Bb1 Ng4 32.Nc2 Rd7 33.Rxd7 Rxd7 34.Ne3 Nxe3+ 35.Rxe3 Rd2+
36.Kf3 Rxh2 37.a4 Kf8 38.Re5 Ke7 39.Bd3 Kd6 40.Rb5 f5 41.Rb6+ Ke5 42.Bc4 Rf2+
43.Kxf2 Bc5+  0-1

[Event "WchT U26"]
[Site "Roque Saenz Pena"]
[Date "1997.??.??"]
[Round "7"]
[White "Valenzuela, Luis"]
[Black "Valerga, Diego"]
[Result "1/2-1/2"]
[WhiteElo "2355"]
[BlackElo "2480"]

1.d4 d5 2.c4 c6 3.e3 Nf6 4.Nc3 e6 5.Nf3 Nbd7 6.Qc2 Bd6 7.Bd3 O-O 8.O-O dxc4
9.Bxc4 Qe7 10.Bd2 e5 11.Bb3 a5 12.Ng5 h6 13.Nge4 Nxe4 14.Nxe4 exd4 15.exd4 Nf6
16.Nxd6 Qxd6 17.Qc5 Rd8 18.Be3 Be6 19.Bc2 Nd5 20.Qxd6 Rxd6 21.a3 Re8 22.Bd2 b6
23.Rfe1 Nf6 24.Bc3 Ra8 25.Be4 Bb3 26.Bf3 Bd5 27.Be2 Re8 28.f3 g6 29.Kf2 Rde6
30.Bd3 Rxe1 31.Bxe1 Re6 32.Bd2 Kg7 33.Bf4 Nd7  1/2-1/2